| 000 | 00423pam a2200157 a 4500 | ||
|---|---|---|---|
| 020 |
_a97801988534305 _c |
||
| 041 | _aeng | ||
| 082 |
_a616 _bFIR |
||
| 100 | _aFIRTH J.D., CONLOL C.P. , COX T.M. . | ||
| 245 |
_aOXPORD TEXTBOOK OF MEDICINE : VAL.2 SECTION 10-15 _hTextual Documents |
||
| 250 | _a6. | ||
| 260 |
_bOXFORD UNIVERSITY PRESS _c2020 |
||
| 300 |
_a3237: _bXLIX+ _eHB. |
||
| 930 | _a9141 | ||
| 999 |
_c803668 _d803668 |
||
| 650 | _aGEN.MEDICINE | ||